Sports Quiz

Random Sports or Basketball Quiz
Score 0/195 Timer 15:00
0 Plays Today
Year Drafted Player % Correct
2018Luka Dončić
71.3%
2001Pau Gasol
71%
2001Tony Parker
68.3%
2002Yao Ming
63.1%
1998Dirk Nowitzki
62.3%
2014Andrew Wiggins
59.7%
2019Rui Hachimura
59.6%
2019R.J. Barrett
57.2%
2016Ben Simmons
55.5%
1996Steve Nash
52.4%
2018Deandre Ayton
50.2%
2005Andrew Bogut
46%
2009Ricky Rubio
45.7%
2006Andrea Bargnani
43.6%
2014Joel Embiid
41.7%
2013Anthony Bennett
38.8%
1984Hakeem Olajuwon
38.6%
2017Lauri Markkanen
38.4%
2013Giannis Antetokounmpo
36.9%
1989Vlade Divac
36.7%
2008Serge Ibaka
36.5%
2004Luol Deng
36.5%
2015Kristaps Porziņģis
35.7%
2002Nenê Hilario
35.3%
1991Dikembe Mutombo
33.8%
1999Andrei Kirilenko
32.6%
2016Buddy Hield
31.4%
1996Peja Stojaković
31%
2005Johan Petro
30.7%
2014Dante Exum
30.4%
1986Arvydas Sabonis
29.3%
2003Leandro Barbosa
28.2%
2013Steven Adams
27.5%
2016Dragan Bender
27.5%
2007Yi Jianlian
27.3%
2003Darko Miličić
26.9%
2016Thon Maker
26.7%
2014Dario Šarić
26.6%
2007Rudy Fernández
26.5%
2018Shai Gilgeous-Alexander
26.3%
2013Rudy Gobert
26%
2017Frank Ntilikina
26%
2003Boris Diaw
25.7%
2008Danilo Gallinari
25.4%
2000Hedo Türkoğlu
25.3%
2015Mario Hezonja
25.1%
2016Jamal Murray
25.1%
2019Nickeil Alexander-Walker
25%
1985Patrick Ewing
24.3%
2019Goga Bitadze
23.9%
2014Bogdan Bogdanović
23.7%
2011Kyrie Irving
23.7%
2013Dennis Schröder
23.2%
1978Mychal Thompson
22.2%
2014Jusuf Nurkić
22%
1985Detlef Schrempf
21.8%
2011Tristan Thompson
21.7%
2008Nicolas Batum
21.6%
2019Sekou Doumbouya
20.3%
2007Al Horford
20.2%
1996Zydrunas Ilgauskas
20.1%
2016Juan Hernangómez
19.9%
2014Clint Capela
19.8%
2009Omri Casspi
19.5%
2004Ben Gordon
19.5%
Year Drafted Player % Correct
2011Jonas Valanciunas
19.1%
2018Moritz Wagner
19.1%
2016Pascal Siakam
18.9%
2011Bismack Biyombo
18.7%
2011Enes Kanter
18.5%
2007Marco Belinelli
18.4%
2011Reggie Jackson
18.1%
1988Rik Smits
18.1%
2017OG Anunoby
17.9%
2007Tiago Splitter
17.7%
2006Thabo Sefolosha
17.5%
2015Emmanuel Mudiay
17.5%
2009Hasheem Thabeet
17.4%
2013Alex Len
17%
2012Evan Fournier
16.8%
2018Džanan Musa
16.6%
2003Mickaël Piétrus
16.4%
2013Gorgui Dieng
16.4%
2016Georgios Papagiannis
16.2%
2019Luka Šamanić
15.9%
2011Jan Veselý
15%
2018Josh Okogie
14.9%
2013Kelly Olynyk
14.7%
2014Bruno Caboclo
14.6%
2001Raúl López
14.4%
2016Jakob Pöltl
14.4%
1998Felipe López
14.4%
2019Brandon Clarke
14.3%
2001Samuel Dalembert
14.2%
2001DeSagana Diop
13.8%
2006Sergio Rodríguez
13.4%
1991Luc Longley
13.4%
2004Sasha Vujačić
13.4%
2011Cory Joseph
13.3%
2017T.J. Leaf
12.8%
2011Nikola Vučević
12.7%
2010Greivis Vasquez
12.5%
1982Dominique Wilkins
11.8%
2016Furkan Korkmaz
11.6%
2011Nikola Mirotić
11.5%
1998Michael Olowokandi
11.5%
2016Ante Žižić
11.5%
2013Lucas Nogueira
11.3%
2016Skal Labissière
11.2%
2004Andris Biedriņš
11.1%
2005Fran Vázquez
11.1%
2016Guerschon Yabusele
10.6%
2019Mfiondu Kabengele
10.6%
2002Nikoloz Tskitishvili
10.4%
2003Carlos Delfino
10.4%
2004Beno Udrih
10.1%
2001Vladimir Radmanović
9.6%
1998Radoslav Nesterovič
9.6%
2005Francisco García
9.2%
2016Timothé Luwawu-Cabarrot
9.2%
2006Mouhamed Sene
9.2%
1993Shawn Bradley
8.9%
2015Trey Lyles
8.8%
1999Frédéric Weis
8.8%
2012Fab Melo
8.7%
2014Tyler Ennis
8.6%
2009Rodrigue Beaubois
8.5%
1991Rick Fox
8.3%
2005Linas Kleiza
8.3%
2012Festus Ezeli
8.2%
Year Drafted Player % Correct
2014Nik Stauskas
8.1%
2013Sergey Karasev
7.8%
1988Rony Seikaly
7.7%
2008Joe Alexander
7.7%
2005Ian Mahinmi
7.5%
1996Vitaly Potapenko
7.5%
2017Anžejs Pasečņiks
7.4%
2002Nenad Krstić
7.2%
2000Jamaal Magloire
7.2%
2010Kevin Seraphin
7.1%
2004Rafael Araújo
7%
2011Dantas Motiejunas
6.9%
2008Anthony Randolph
6.9%
1985Bill Wennington
6.8%
2003Sasha Pavlović
6.6%
2012Andrew Nicholson
6.3%
2008Alex Ajinça
6.3%
2006Joel Freeland
6.3%
2010Xavier Henry
6.2%
2009Víctor Claver
6%
2008Donte Greene
6%
2013Livio Jean-Charles
5.8%
2013Nemanja Nedović
5.8%
2004Viktor Khryapa
5.7%
1994Yinka Dare
5.7%
2002Jiří Welsch
5.6%
1980Kiki Vandeweghe
5.6%
1997Adonal Foyle
5.5%
2015Nikola Milutinov
5.5%
1985Uwe Blab
5.5%
1997Tariq Abdul-Wahad
5.2%
1981Rolando Blackman
5.2%
1999Wally Szczerbiak
5.2%
2000Primož Brezec
5.1%
2007Petteri Koponen
5%
2009Christian Eyenga
5%
2004Sergei Monia
5%
2002Boštjan Nachbar
4.8%
2005Yaroslav Korolev
4.7%
2000Jerome Moiso
4.5%
2003Ndudi Ebi
4.5%
1983Leo Rautins
4.4%
2000Mamadou N'Diaye
4.2%
1990Alaa Abdelnaby
4.1%
2004Pavel Podkolzin
4%
2000Jake Tsakalidis
4%
1987Olden Polynice
4%
2003Zoran Planinić
3.9%
2003Žarko Čabarkapa
3.9%
2006Oleksiy Pecherov
3.7%
1987Christian Welp
3.5%
1997Chris Anstey
3.3%
1996Martin Müürsepp
3.3%
1973Swen Nater
3.1%
1999Aleksandar Radojević
3.1%
1996Efthimios Rentzias
3%
1995George Zidek
2.9%
1998Mirsad Türkcan
2.7%
2000Dalibor Bagarić
2.6%
1983Stewart Granger
2.6%
1998Vladimir Stepania
2.5%
1961Tom Meschery
2.5%
1977Ernie Grunfeld
2.4%
1993Geert Hammink
2.1%
1953Bob Houbregs
1.8%
Come Together.
Have Fun.
All Virtual.
We all need to come together. Play Sporcle's virtual live trivia to have fun, connect with people, and get your trivia on. Join a live hosted trivia game for your favorite pub trivia experience done virtually. If a virtual private party is more your thing, go here for details.

You're not logged in!

Compare scores with friends on all Sporcle quizzes.
OR
Log In

Sporcle TV

Today on Sporcle TV


Watch our educational content, quiz creation guides, and fun videos on Sporcle TV.

Show Comments

Extras

Top Quizzes Today


Score Distribution

Paid Content

Your Account Isn't Verified!

In order to create a playlist on Sporcle, you need to verify the email address you used during registration. Go to your Sporcle Settings to finish the process.

Report this User

Report this user for behavior that violates our Community Guidelines.

Details: